00580nam a2200205Ia 4500008004100000020001400041050001400055100001500069245001900084245003000103260001500133260001700148260000900165300001400174300002500188300001000213440002900223999001900252952010300271180207s9999 xx 000 0 und d a439287219 bM466 2001 aMay, Darcy aJingle bells / cillustrated by Darcy May. aNew York : bScholastic,  c2001 aunpaged : bcolor illustration ; c20cm. aSing and read storybook. c355371d355371 001040aSSISMbSSISMd2018-02-07l0oER M466 2001pSSISM4916r2018-02-07 00:00:00w2018-02-07yBK